000 00591nam a2200169Ia 4500
003 IN-BaIIA
008 211028s9999 xx s 000 0 eng d
020 _a9781628413229 (Print)
040 _cIIA Library
100 _aTang, Chun, ed.
_948772
245 0 _aXX International Symposium on High-Power Laser Systems and Applications 2014
_h[eBook]
260 _aWashington, USA
_bSPIE
_c2015
300 _aOnline resource
490 _aProceedings of SPIE; V. 9255
856 _uhttps://www.spiedigitallibrary.org/conference-proceedings-of-spie/9255
_yClick Here to Access eBook
942 _cEB
999 _c33903
_d33903